LEADER 00978cam0 22002533 450 001 SOB017333 005 20191122115638.0 010 $a3110036355 100 $a20040211d1971 |||||ita|0103 ba 101 $adeu 102 $aDT 200 1 $a<>Epidemien und das Corpus Hippocraticum$eVoruntersuchungen zu einer Geschichte der koischen Ärzteschule$fKarl Deichgräber 210 $aBerlin$aNew York$cW. De Gruyter$d1971 215 $a188 p.$d27 cm 700 1$aDeichgräber$b, Karl$3AF00011317$4070$0186274 801 0$aIT$bUNISOB$c20191122$gRICA 850 $aUNISOB 852 $aUNISOB$jFondo|Crie$m111330 912 $aSOB017333 940 $aM 102 Monografia moderna SBN 941 $aM 957 $aFondo|Crie$b000606$gSI$d111330$hCrie$rACQUISTO$1catenacci$2UNISOB$3UNISOB$420141111130720.0$520191122115007.0$6bethb$fModalità di consultazione sulla home page della Biblioteca link Fondi 996 $aEpidemien und das Corpus Hippocraticum$9304865 997 $aUNISOB LEADER 01754oam 2200493M 450 001 9910716693103321 005 20210706170452.0 035 $a(CKB)5470000002523230 035 $a(OCoLC)1065606572 035 $a(OCoLC)995470000002523230 035 $a(EXLCZ)995470000002523230 100 $a20071213d1927 ua 0 101 0 $aeng 135 $aurcn||||||||| 181 $ctxt$2rdacontent 182 $cc$2rdamedia 183 $acr$2rdacarrier 200 10$aTo donate two brass cannon to Wayne County Council, Veterans of Foreign Wars. February 12, 1927. -- Ordered to be printed 210 1$a[Washington, D.C.] :$c[U.S. Government Printing Office],$d1927. 215 $a1 online resource (2 pages) 225 1 $aSenate report / 69th Congress, 2nd session. Senate ;$vno. 1472 225 1 $a[United States congressional serial set] ;$v[serial no. 8685.] 300 $aBatch processed record: Metadata reviewed, not verified. Some fields updated by batch processes. 300 $aFDLP item number not assigned. 606 $aUnexploded ordnance 606 $aMonuments 606 $aMemorials 606 $aVeterans$xServices for$zUnited States 608 $aLegislative materials.$2lcgft 615 0$aUnexploded ordnance. 615 0$aMonuments. 615 0$aMemorials. 615 0$aVeterans$xServices for 701 $aReed$b David Aiken$f1880-1953$pRepublican (PA)$01388389 801 0$bWYU 801 1$bWYU 801 2$bOCLCO 801 2$bOCLCQ 801 2$bOCLCO 801 2$bOCLCQ 906 $aBOOK 912 $a9910716693103321 996 $aTo donate two brass cannon to Wayne County Council, Veterans of Foreign Wars. February 12, 1927. -- Ordered to be printed$93454398 997 $aUNINA LEADER 00705nam a2200229 i 4500 001 991004313638407536 005 20240409085001.0 008 240405s1987 gw er 00| 0 ger d 020 $a3379001783 040 $aBibl. Dip.le Aggr. Scienze Giuridiche - Sez. Centro Studi sul Rischio$bita 041 1 $ager$hfre 100 1 $aPascal, Blaise$028760 240 10$aPensées$914774 245 10$aGedanken /$cBlaise Pascal 264 1$aLeipzig :$bReclam,$c1987 300 $a423 p. 490 0 $aReclam-Bibliothek ; Philosophie Geschichte, Kulturgeschichte$v1211 500 $aTit. orig. : Pensées 650 4$aUomo$xFilosofia 912 $a991004313638407536 996 $aPensées$914774 997 $aUNISALENTO